000 00536nam a2200193Ia 4500
003 GCL
008 140319s9999 xx 000 0 ara d
040 _aGCL /
_cGCL
082 0 4 _a928.162
_bع م
100 1 _aعبدالعزيز شرف
245 1 0 _aمحمد حسين هيكل فى ذكراه /
_cعبدالعزيز شرف
300 _a208 ص
490 _aاقرأ
_v0
650 0 4 _aالتراجم
650 0 4 _aالادباء
650 0 4 _aمحمد حسين هيكل
650 0 4 _aالرجال - تراجم
942 _2ddc
_cBK
999 _c50455
_d50455